000 00539nam a2200217Ia 4500
003 OSt
005 20220829161502.0
008 210210b2016 xxu||||| |||| 00| 0 eng d
020 _a9788188237821
040 _cAL
041 _aeng
082 _a574.5 TIWE
100 _aTIWARI (Manoj)
_956023
245 _aEnvironmental studies
260 _aNew Delhi
_bI.K. International Pub. House Pvt. Ltd.
_c2016
300 _axvi,272
690 _aEcology
_956024
700 _aKHULBE (Kapil)
_956025
906 _a072596
942 _2ddc
_cBK
999 _c122434
_d122434